Countries Containing Letter Y - Statistics

General Stats
  • This quiz has been taken 77 times
  • The average score is 14 of 19
Answer Stats
Answer the country! % Correct
Yemen
92%
Germany
90%
Paraguay
87%
Uruguay
87%
Italy
83%
Turkey
83%
Norway
79%
Kyrgyzstan
77%
Libya
75%
Myanmar
75%
Hungary
73%
Guyana
71%
Malaysia
71%
Syria
71%
Egypt
69%
Cyprus
65%
Kenya
56%
Seychelles
56%
Vatican City
48%
No matching quizzes found
Score Distribution
Percent of People with Each Score
Percentile by Number Answered
Your Score History
You have not taken this quiz